Countries Ewan McGregor has Visited - Statistics

General Stats
  • This quiz has been taken 20 times
  • The average score is 11 of 14
Answer Stats
Continent Country % Correct
Europe France
100%
Europe United Kingdom
100%
Europe Italy
94%
North America United States of America
94%
North America Canada
88%
Europe Germany
88%
North America Mexico
88%
Europe Spain
88%
Asia China
81%
Asia Japan
81%
Europe Sweden
63%
Africa Tunisia
63%
Europe Czech Republic
56%
Africa Morocco
50%
No matching quizzes found
Score Distribution
Percent of People with Each Score
Percentile by Number Answered
Your Score History
You have not taken this quiz